Statistiques concernant Culture Générale - Série 267

Cliquez ici pour prendre le quiz!

Statistiques générales

  • Ce quiz a été pris 218 fois
  • Le résultat moyen est 5 sur 10

Statistiques - réponses

QuestionRéponse% Correct
De quelle couleur est le fond du drapeau finlandais ?Blanc
94%
Quel navigateur s'embarque sur la Santa Maria pour traverser l'Atlantique ?Christophe Colomb
91%
Au vocabulaire de quel domaine artistique le terme "adagio" appartient-il ?La musique
87%
Dans quel film avec Bruce Willis un petit garçon dit-il voir des gens qui sont morts ?Sixième Sens
54%
Quel bateau de Greenpeace les services secrets français ont-ils coulé en 1985 ?Le Rainbow Warrior
48%
Quel ancien dirigeant communiste a été surnommé Lider Maximo ?Fidel Castro
46%
Dans la mythologie grecque, quelle prêtresse d'Apollon rendait les oracles ?La Pythie
39%
En 1997, qui est le premier Allemand à remporter le Tour de France cycliste ?Jan Ullrich
26%
De quel humoriste la phrase : "Etonnant, non?" est-elle indissociable ?Pierre Desproges
26%
Quel ministre de l'Education nationale voulait "dégraisser le mammouth" en 1997 ?Claude Allègre
18%

Distribution des résultats

Percentile par nombre de réponses

% des personnes avec chaque résultat

Votre développement - résultats

Vous n’avez pas pris ce quiz